Os Direitos Humanos e a Escola (Registo nº 200929)

Detalhes MARC
000 -Etiqueta do registo
Valores 01014nam 22002893 4500
010 ## - Número ISBN
ISBN 972-596-015-7
021 ## - Número do Depósito Legal
Código do país Portugal
Número 73407/93
100 ## - Dados gerais de processamento
Dados gerais 20260303d u||y0pory50 ba
101 ## - Língua de publicação
Língua Português
102 ## - País de publicação
País Portugal
200 ## - Titulo e menção de responsabilidade
Título próprio Os Direitos Humanos e a Escola
Primeira menção de responsabilidade Fernando Sousa, Mário Machaqueiro e Sérgio Luís de Carvalho
Outras menções de responsabilidade Ilustração de Maria José Ferreira
210 ## - Publicação
Local de publicação Sintra
Nome do editor Sintra Editora
Data de publicação 1993
215 ## - Descrição física 
Paginação / Volumes 60, [4] p. : il.
Outras indicações físicas Brochado
Dimensões 23 cm
225 ## - Colecção 
Título próprio da colecção Biblioteca de apoio à reforma educativa
300 ## - Notas gerais 
Texto da nota Livro publicado com o patrocínio do Ministério da Educação
606 ## - Nome comum usado como assunto
ID Autoridade 12232
Palavra de ordem Ciências Sociais
Subdivisão assunto Direito Público
610 ## - Termos não controlados
Palavra de ordem Direitos do homem
675 ## - CDU
Notação 342.7/SOU/DIR
Edição PT
Língua por
700 ## - Autor principal (pessoa individual)
ID Autoridade 16609
Apelido Sousa
Nome Fernando
701 ## - Co-autor principal (pessoa individual)
ID Autoridade 16610
Apelido Machaqueiro
Nome Mário
701 ## - Co-autor principal (pessoa individual)
ID Autoridade 3664
Apelido Carvalho
Nome Sérgio Luis de
702 ## - Autor secundário (pessoa individual)
ID Autoridade 16611
Apelido Ferreira
Nome Maria José
801 ## - Fonte de origem
País PT
Agência BMMN
Regras de catalogação RPC
830 ## - Notas gerais do catalogador
Criado por Carlos Pinto
Data de criação 03-03-2026
Indexado por Carlos Pinto
990 ## - Elementos KOHA
Tipo de documento Livro
Exemplares
Situação do levantamento Biblioteca de origem Código de barras Cota Permissão de empréstimo Tipo de documento Forma de aquisição
  Escola Secundária de Montemor-o-Novo 30190 342.7/SOU/DIR   Livro Compra

Powered by Koha